|
|
|
|
| LEADER |
03130njm a2200697 a 4500 |
| 001 |
000853890 |
| 003 |
CZ BrMZK |
| 005 |
20201029160949.0 |
| 007 |
sd fsngnnmmned |
| 008 |
070612s2005 xr mu g ef d |
| 028 |
0 |
0 |
|a UP 0079-2 131
|b Arco Diva
|
| 040 |
|
|
|a BOA001
|b cze
|
| 041 |
1 |
|
|g eng
|g cze
|
| 047 |
|
|
|a zz
|a sn
|
| 048 |
|
|
|a sa01
|a sb01
|a sc01
|a sd01
|a sb02
|
| 048 |
|
|
|a wa01
|a ta01
|a ka01
|
| 048 |
|
|
|a kb01
|
| 048 |
|
|
|a ka01
|b sc01
|
| 048 |
|
|
|a wb01
|a wc01
|a wd01
|a ka01
|
| 072 |
|
7 |
|a 785
|x Instrumentální hudba. Symfonická hudba. Hudba pro více nástrojů
|2 Konspekt
|9 9
|
| 080 |
|
|
|a 787.1/.4:785.75
|2 MRF
|
| 080 |
|
|
|a 785.73
|2 MRF
|
| 080 |
|
|
|a 786.61.083
|2 MRF
|
| 080 |
|
|
|a 787.3.082.2
|2 MRF
|
| 080 |
|
|
|a 785.74
|2 MRF
|
| 080 |
|
|
|a (086.76)
|2 MRF
|
| 245 |
0 |
0 |
|a Přítomnost.
|n III
|h [zvukový záznam] :
|b contemporary Czech music
|
| 260 |
|
|
|a Praha :
|b Arco Diva,
|c p+c2005
|
| 300 |
|
|
|a 1 zvuková deska (71:01) :
|b digital ;
|c 12 cm +
|e 1 brožura [12 s.]
|
| 306 |
|
|
|a 011101
|
| 490 |
1 |
|
|a Soudobá česká hudba
|
| 490 |
1 |
|
|a Contemporary Czech music
|
| 500 |
|
|
|a Kompaktní deska (DDD)
|
| 505 |
0 |
0 |
|t Conscientia temporis: II. smyčcový kvintet se dvěma violami /
|r Zdeněk Šesták --
|t Trio concertante pro flétnu, harfu, a klavír, op. 59 II/b /
|r Jan Hanuš --
|t Vigilie /
|r Luboš Sluka --
|t Sonáta pro violoncello a klavír /
|r Otmar Kvěch --
|t Proměny /
|r Jaromín Dadák
|
| 511 |
0 |
|
|a Jan Machat, flétna ; Kateřina Englichová, harfa ; Daniel Wiesner, klavír a další. Kocianovo kvarteto (Pavel Hůla, Miloš černý, housle ; Zbyněk Paďourek, viola ; Václav Brnášek, violoncello ; Daniel Trgina, viola j.h.)
|
| 518 |
|
|
|a Nahráno živě v sále Martinů v Lichtenšteinském paláci, Praha 2001-2004
|
| 546 |
|
|
|a Text v brožuře anglicky a česky
|
| 650 |
0 |
7 |
|a smyčcové kvintety
|7 ph125722
|2 czenas
|
| 650 |
0 |
4 |
|a drobné skladby(smyčcový kvintet, violy (2))
|
| 650 |
0 |
4 |
|a tria (flétna, harfa, klavír)
|
| 650 |
0 |
7 |
|a drobné skladby (varhany)
|7 ph317290
|2 czenas
|
| 650 |
0 |
7 |
|a sonáty (violoncello, klavír)
|7 ph501498
|2 czenas
|
| 650 |
0 |
4 |
|a drobné skladby (hoboj, klarinet, fagot, klavír)
|
| 655 |
|
7 |
|a kompaktní desky
|7 fd201991
|2 czenas
|
| 700 |
1 |
2 |
|a Šesták, Zdeněk,
|d 1925-
|t Constientia temporis
|
| 700 |
1 |
2 |
|a Hanuš, Jan,
|d 1915-2004.
|t Trio concertante,
|m flétna, harfa, klavír,
|n op. 59 II/b
|
| 700 |
1 |
2 |
|a Sluka, Luboš,
|d 1928-
|t Vigilie
|7 aun2014848184
|
| 700 |
1 |
2 |
|a Kvěch, Otomar,
|d 1950-2018.
|t Sonáty,
|m violoncello, klavír
|
| 700 |
1 |
2 |
|a Dadák, Jaromír,
|d 1930-2019.
|t Proměny
|
| 700 |
1 |
|
|a Machat, Jan
|7 mzk2016902210
|4 itr
|
| 700 |
1 |
|
|a Englichová, Kateřina,
|d 1969-
|7 ola2002113958
|4 itr
|
| 700 |
1 |
|
|a Wiesner, Daniel,
|d 1969-
|7 jn19990009124
|4 itr
|
| 710 |
2 |
|
|a Kocianovo kvarteto
|7 kn20010710230
|
| 740 |
0 |
2 |
|a Soudobá česká hudba
|
| 740 |
0 |
2 |
|a Contemporary Czech music
|
| 830 |
|
0 |
|a Soudobá česká hudba
|
| 830 |
|
0 |
|a Contemporary Czech music
|
| 910 |
|
|
|a BOA001
|b CD-0013.928,3
|
| 990 |
|
|
|a AV
|
| 991 |
|
|
|b 200707
|
| 996 |
6 |
|
|b 261H015400
|c CD-0013.928,3
|l MZK
|r Sklad / do 24 hodin
|n 0
|w 000853890
|u 000010
|a 1
|e BOA001
|j MZK50
|s P
|